Top 10 Greatest NFL Defensive Player of All-Time - Statistics

General Stats
  • This quiz has been taken 812 times
  • The average score is 5 of 10
Answer Stats
# Answer % Correct
1 Lawrence Taylor
89%
10 Deion Sanders
67%
2 Reggie White
63%
4 Ronnie Lott
49%
7 Mean Joe Greene
47%
8 Rod Woodson
43%
9 JJ Watt
37%
5 Deacon Jones
36%
6 Dick Butkus
36%
3 Bob Lilly
10%
No matching quizzes found
Score Distribution
Percent of People with Each Score
Percentile by Number Answered
Your Score History
You have not taken this quiz